'M' ASoIaF characters (clickable) Quiz Stats

 Plays Quiz not verified by Sporcle

Score 0/30 Timer 06:00
0 Plays Today
% Correct
Mace Tyrell
95.6%
Mance Rayder
95.3%
Margaery Tyrell
95.3%
Melisandre
95%
Maege Mormont
94.6%
Meera Reed
94.6%
Myrcella Baratheon
94.2%
Matthos Seaworth
94%
Mordane
93.8%
Mirri Maz Duur
93.7%
Marya Seaworth
93.5%
Mag Mar Tun Doh Weg
92.6%
Missandei
92%
Mya Stone
92%
Maggy the Frog
91.7%
% Correct
Marghaz zo Loraq
91.5%
Mord
91.5%
Moon boy
90.6%
Marillion
89.5%
Megga Tyrell
89.4%
Mikken
88.2%
Melara Hetherspoon
85.5%
Mors Umber
84.8%
Martyn Lannister
84.4%
Merrett Frey
82.2%
Moqorro
81.1%
Marwyn
80.2%
Myles Toyne
77.3%
Mellario
75.4%
Meris
73.3%

You're not logged in!

Compare scores with friends on all Sporcle quizzes.
OR
Log In

Sporcle TV

Today on Sporcle TV


Watch our educational content, quiz creation guides, and fun videos on Sporcle TV.

Show Comments

Extras

Top Quizzes Today


Score Distribution

Your Account Isn't Verified!

In order to create a playlist on Sporcle, you need to verify the email address you used during registration. Go to your Sporcle Settings to finish the process.

Report this User

Report this user for behavior that violates our Community Guidelines.

Details: